| 000 | nam a22 a 4500 | ||
|---|---|---|---|
| 999 |
_c206984 _d206984 |
||
| 003 | BLK | ||
| 005 | 20180716120656.0 | ||
| 008 | 180411b bul|||||r ||||||| ||bul|| | ||
| 010 | _aKNG00216735000 | ||
| 020 | _a978-954-759-343-5 | ||
| 040 | _aBLK | ||
| 041 |
_aBUL _cBUL |
||
| 072 |
_9178279 _aН84 _xБългарска художествена литература Н |
||
| 080 |
_aБългарска литература _b821.163.2 _x-94 _z821.163.2-94 |
||
| 100 | 1 |
_aЯкова, Анастасия _eпърви автор _9348210 |
|
| 139 |
_aЯкова, Анастасия _bЯ 34 |
||
| 245 | 1 | 0 |
_aНаказания без престъпления _cАнастасия Якова. |
| 257 | _aBGR | ||
| 260 |
_c2017 _9210706 _aСилистра _bРИТТ |
||
| 300 |
_a160 с. _bс ил., портр., факс. _c21 см |
||
| 380 | _aX | ||
| 500 | _aБиогр. данни за авт. - Вместо предговор / Радослав Симеонов: с. 5-10 ; Минало незавършено / Адриан Василев: с. 11-15. | ||
| 852 | _aЦб 289294 | ||
| 856 | 4 | _qpdf | |
| 856 | 4 | _qpdf | |
| 942 |
_cKNG _n0 |
||
| 944 |
_aCR _c08.03.2018 _kВиолета_Тройчева |
||
| 944 |
_aED _c2018-07-16 _kГГГ |
||
| 999 | _d206984 | ||